000 00202 a2200097 4500
001 7978
100 _aCollier, S E
245 _aThe battle of Britain
260 _a
_bBats ford
_c
090 _c6388
_d6388
942 _aNUST-CAE
_cM
_c32920
999 _c243051
_d243051